| 000 | 00977nam a22002537a 4500 | ||
|---|---|---|---|
| 999 |
_c5184 _d5184 |
||
| 003 | AR-CdUCM | ||
| 008 | 190312b ||||| |||| 00| 0 spa d | ||
| 040 |
_aMUNICIPALIDAD PROVINCIAL DEL CUSCO _cBIBLIOTECA MUNICIPAL DEL CUSCO |
||
| 041 | _heng | ||
| 082 |
_a792.0942 / _bL98 |
||
| 100 |
_aLunari, Gigi _915731 |
||
| 245 | _aEl Old Vic de Londres / | ||
| 260 |
_aBuenos Aires : _bEUDEBA, _c1968. |
||
| 300 |
_a131 páginas ; _bFotografías, ilustraciones, _c19 cm. |
||
| 440 |
_aCuadernos de EUDEBA _n176 _915732 |
||
| 500 | _aTítulo original : L´old Vic di Londra | ||
| 505 | _aContenido: El Royal Coburg Theatre (1818-1833) -- El Royal Victoria Theatre (1833-1880) -- El Royal Victoria Music -Hall (1880-1914) -- Lilian Baylis y el Old Vic (1914-1920) -- Robert Atkins (1920-1925) .. | ||
| 650 |
_aLondres _95033 |
||
| 650 |
_aTeatro _9443 |
||
| 650 |
_aSiglo XIX-XX _915421 |
||
| 700 |
_aAbril, Eugenio (Traductor) _915733 |
||
| 942 |
_2ddc _cLIBROS |
||
| 945 | _araen | ||